MDQL
is popping MORE tags! Check the
thread
!
Quizzes
Events
Quiz Creation
Community
Videos
Private Events
Remove Ads
Sign In
Join for FREE
Feedback
Dark Mode
Quiz Categories
Sports
Geography
Music
Movies
Television
Just For Fun
Miscellaneous
History
Literature
Language
Science
Gaming
Entertainment
Religion
Holiday
For Kids
Quiz Lab
Recent
Popular Today
Quiz Kudos Today
Editor Picks
Curator Picks
Quizzes by...
Day
Popularity
Type
Ratings
Length
Year
Community
Subscriptions
Recent Discussions
Orange Saloon
Badges
Playlists
Quests
Create
Leaderboards
Showdown
Live 5
Trivia Bingo
Activity
Puzzle Library
Sporcle Events
Private Events
Virtual Trivia
Globe League
Become a Host
Pub Owners
SporcleCon
Opinionation
Our Games
Videos
Blog
Mobile Apps
Partnerships
Remove Ads and Go Orange
Feedback
History
US Presidents
World Leaders
Politics
Nation
Discovery
War
Decade
Year
Century
Biography
Art
History
US Presidents
World Leaders
Politics
Nation
Discovery
War
Decade
Year
Century
Biography
Art
Random Quiz
Search Sporcle
×
Curator Pick
Curator Pick
History
Clickable
Select answers by clicking on text or image buttons
Select answers by clicking on text or image buttons
Clickable
Best Score? Go Orange.
Nobel Prize Winners by Country Stats
Can you pick three Nobel Prize winners from each country?
By
khands
6m
30 Questions
1,116 Plays
1,116 Plays
1,116 Plays
Comments
Comments
Give Quiz Kudos
Give Quiz Kudos
-
- Ratings
hide this ad
More Info
Forced Order
Answers have to be entered in order
Answers have to be entered in order
Replay
Link that replays current quiz
Next Quiz
Link to next quiz in quiz playlist
You Got
0%
They Got
Avg Score
80%
Avg Friend Score
Upgrade to see
Score Distribution
Jump to the score distribution portion of the page
Score
0/30
Timer
06:00
0
Plays Today
% Correct
Nelson Mandela
95.2%
Hideki Yukawa
94.7%
Eisaku Satō
94.7%
Shinya Yamanaka
94%
Desmond Tutu
93.3%
Theodore Roosevelt
92%
Andrei Sakharov
91%
Martin Luther King, Jr.
90.7%
Jean-Paul Sartre
90.3%
Guglielmo Marconi
90.3%
Aleksandr Solzhenitsyn
89%
Winston Churchill
87.5%
Ivan Pavlov
87.4%
Enrico Fermi
86.6%
Franco Modigliani
86.1%
% Correct
Léon Bourgeois
85.9%
Louis de Broglie
83.2%
Seán MacBride
79.1%
Alexander Fleming
77.4%
Werner Heisenberg
77%
Toni Morrison
76.5%
William Butler Yeats
74.7%
Erwin Schrödinger
74.6%
Samuel Beckett
72.8%
Peter Higgs
67.7%
Wilhelm Röntgen
67.6%
Max Planck
60.3%
Nadine Gordimer
58.8%
Wolfgang Pauli
56.3%
Friedrich Hayek
53.1%
Quiz Playlist
Details
Report
Send in Message
Add To Playlist
More Info:
Individuals are matched to their country of origin, or the modern-day equivalent of their country of origin.
Clickable:
Select answers by clicking on text or image buttons
Forced Order:
Answers have to be entered in order
Quiz Source
Last Updated: Feb 16, 2017
Curator Pick in
Discovery
Quiz Scoreboard
CHALLENGE
Sign Up to Join the Scoreboard
Show All
Scores
Hide
Comments
May contain spoilers
Recently Published
1-10 Letter E Words III
by El_Dandy
Language
2m
Street Fighter Characters
by Artimus82
Gaming
60s
College Basketball Coaching Resumes
by pancakes188
Sports
9m
More to Explore
Quiz From the Vault
Featured Blog Post
Where Did the Easter Bunny Come From?
hide this ad
You Might Also Like...
Tags
Clickable Quiz
Discovery Quiz
20th Century
nobel
Nobel Laureates
Nobel Prize
World History
Today's Top Quizzes in History
Browse History
hide this ad
Today's Top Quizzes in Clickable
Browse Clickable
Top Contributed Quizzes in History
1
Popular People in 1991
2
Popular People in 1981
3
Popular People in 1951
4
Popular People in 1941
5
Popular People in 1986
6
Popular People in 1976
7
Popular People in 1921
8
5-to-1: 20th Century Images of War
9
I Am Born On March 28th
10
Popular People in 1946
Explore More
Trending Topics
NBA
Marvel
Kpop
Crossword
Anime
Harry Potter
Disney
NFL
Country
Puzzle
Soccer
Pokémon
WWE
The Office
Song
hide this ad
More By:
khands
Quiz
Plays
Rating
Category
Featured
Created
1980s Match-Up
278,821
4.57
History
May 4, 2014
'90s Movie Title Match-up
238,738
4.55
Movies
May 3, 2014
1960s Match-Up
228,503
4.55
History
May 2, 2014
1970s Match-Up
199,023
4.57
History
May 4, 2014
20th Century Figures Match-up
187,333
4.78
History
Sep 1, 2013
Go to Creator's Profile
Score Distribution
Quiz Creator Spotlight
khands
Follow
Send a Message
Quizzes Created
-
Created Quiz Play Count
-
More By This Creator
Popular Quizzes Today
1
Find the US States - No Outlines Minefield
2
Find the Countries of Europe - No Outlines Minefield
3
The Countries of the World
4
Find the US States
5
Risky Map Clicking: Biggest States A-Z
6
US States
7
Popular People in 1961
8
Movies - When Are They Set?
More History Quizzes
Historical Events of 1994 II
Published
Trending Quizzes
Risky Map Clicking: Least Populous States A-Z
Billboard Blitz: Aretha Franklin
Famous Russians: Author or Composer?
1-10 Letter G Words
Countries of the World: 200 Million BC
Recently Updated
Leaping Animals
pecheneg
Reality TV Shows (A-Z)
bhenderson79
Rickey Henderson's Hall of Fame Teammates
pecheneg
Champions League XIs: Arsenal
pecheneg
Quick Pick: Celebrities in WWE's Hall of Fame
aduchscher
A-Z Keypad Blitz II
pecheneg
Multiple Oscar Actors
pecheneg
Mystery Phrase Blitz: Oscar 'Best Actors'
pecheneg
F. Scott Fitzgerald Novels
LTH
Pick 3 Villains
ddd62291
Trending Topics
Anime
Marvel
Disney
Harry Potter
Crossword
NBA
Kpop
Song
Pokémon
Puzzle
WWE
Country
NFL
Soccer
The Office
Your Account Isn't Verified!
In order to create a playlist on Sporcle, you need to verify the email address you used during registration. Go to your
Sporcle Settings
to finish the process.
Report this User
Report this user for behavior that violates our
Community Guidelines
.
Details:
Send Report
Go to the Sporcle.com Mobile Site →
Comments